All MTR Stations with Proposed Extensions - Statistics

General Stats
  • This quiz has been taken 28 times
  • The average score is 126 of 169
Answer Stats
Hint Answer % Correct
Exhibition Centre
100%
Hung Hom
100%
Admiralty
96%
Tuen Mun
96%
Kowloon
91%
Mong Kok
91%
Austin
87%
Causeway Bay
87%
University
87%
Yau Ma Tei
87%
Fanling
87%
Fo Tan
87%
Hong Kong
87%
Jordan
87%
Kowloon Tong
87%
Lok Ma Chau
87%
Lo Wu
87%
Mong Kok East
87%
Nam Cheong
87%
Racecourse
87%
Sha Tin
87%
Tai Po Market
87%
Tai Wai
87%
Tai Wo
87%
* Tuen Mun South
87%
Wu Kai Sha
87%
Yau Ma Tei
87%
Central
83%
Chai Wan
83%
Cheung Sha Wan
83%
Choi Hung
83%
City One
83%
Diamond Hill
83%
Disneyland Resort
83%
Lei Tung
83%
Fortress Hill
83%
Hang Hau
83%
Heng Fa Chuen
83%
Heng On
83%
Hin Keng
83%
HKU
83%
Ho Man Tin
83%
Kai Tak
83%
Kam Sheung Road
83%
Kennedy Town
83%
Kwai Fong
83%
Kwai Hing
83%
Kwun Tong
83%
Lai Chi Kok
83%
Lai King
83%
Lam Tin
83%
LOHAS Park
83%
Lok Fu
83%
Long Ping
83%
Ma On Shan
83%
Mei Foo
83%
Ngau Tau Kok
83%
North Point
83%
Ocean Park
83%
Olympic
83%
Po Lam
83%
Prince Edward
83%
Quarry Bay
83%
Sai Wan Ho
83%
Sai Ying Pun
83%
Sham Shui Po
83%
Sha Tin Wai
83%
Shau Kei Wan
83%
Shek Kip Mei
83%
Shek Mun
83%
Sheung Shui
83%
Sheung Wan
83%
Siu Hong
83%
South Horizons
83%
Sung Wong Toi
83%
Sunny Bay
83%
Tai Koo
83%
Tai Shui Hang
83%
Tai Wo Hau
83%
Tin Hau
83%
Tin Shui Wai
83%
Tiu Keng Leng
83%
To Kwa Wan
83%
Tseung Kwan O
83%
Tsim Sha Tsui
83%
Tsing Yi
83%
Tsuen Wan
83%
Tsuen Wan West
83%
Tung Chung
83%
Wan Chai
83%
Whampoa
83%
Wong Chuk Hang
83%
Wong Tai Sin
83%
Yau Tong
83%
Yuen Long
83%
Airport
78%
AsiaWorld-Expo
78%
Che Kung Temple
78%
East Tsim Sha Tsui
78%
Kowloon Bay
78%
# | * Kwu Tung
78%
+ Tung Chung West
78%
* Hung Shui Kiu
74%
* Pak Shek Kok
70%
# Aberdeen
65%
# Causeway Bay North
65%
# Wah Fu
65%
# Cyberport
61%
# Queen Mary Hospital
61%
* Tung Chung East
57%
# Tamar
43%
+ Tsuen King Circuit
43%
# Au Tau
39%
+ A16
35%
* Lo Wu South
35%
* Oyster Bay
35%
# Tin Wan
35%
# Ngau Tam Mei
30%
# Ping Che
26%
# San Tin
26%
Exhibition Centre
22%
# Ha Tsuen
17%
# Northeast Kwai Chung
17%
+ Tsueng Kwan O Area 137
17%
# Heung Yuen Wai
13%
# Huanggang
13%
# Lau Fau Shan
13%
# Man Kam To
13%
# Chau Tau
9%
# Northeast Tsuen Wan
9%
# Tuen Mun East
4%
# Hong Kong-Shenzhen Innovation and Technology Park
0%
No matching quizzes found
Score Distribution
Percent of People with Each Score
Percentile by Number Answered
Your Score History
You have not taken this quiz